| 000 | 01040cab a2200217 4500 | ||
|---|---|---|---|
| 001 | ##L132584 | ||
| 008 | 060221n2006 000 0 eng u | ||
| 035 | _a(Sirsi) u132584 | ||
| 041 | 0 | _aeng | |
| 100 | 1 | _aJansen, Mark | |
| 245 | 0 | 0 | _aHistory in the remaking |
| 260 | _c2006 | ||
| 490 | 0 |
_aProperty Week _v71(7) 17 February 2006, 60-61(2) |
|
| 520 | _aIn a quest to shake off its reputation as a hindrance to development, English Heritage is to launch a guide to using historic buildings in regeneration projects. "Heritage works: the use of historic buildings in regeneration" offers advice to owners and developers refurbishing or converting a listed building for the first time. Endorsed by RICS and the British Property Federation, it is hoped that the guide will encourage developers to contact English Heritage in the initial stages of seeking advice. | ||
| 590 | _aIKA280206 | ||
| 650 | 2 | 4 | _aENGLISH HERITAGE |
| 650 | 2 | 4 | _aABOUT RICS |
| 650 | 2 | 4 | _aBPF |
| 690 | _aPROPERTY-PROPERTY MANAGEMENT-REGENERATION | ||
| 942 | _n0 | ||
| 999 |
_c76507 _d76507 |
||